Methodologies of Price Indices in Transition Countries

Enregistré dans:
Détails bibliographiques
Auteur principal: Zieschang, Kimberly D.
Format: Livre
Langue:anglais
Publié: Washington International Monetary Fund 1995
Édition:1. ed.
Collection:IMF Working Paper 106
Sujets:
Tags: Ajouter un tag
Pas de tags, Soyez le premier à ajouter un tag!

MARC

LEADER 00000nam a2200000 4500
001 c017224
005 20221205133253.7
041 0 |a eng 
044 |a US 
245 1 0 |a Methodologies of Price Indices in Transition Countries  |c Kimberly D. Zieschang 
250 |a 1. ed. 
264 1 |a Washington  |b International Monetary Fund  |c 1995 
300 |a 59 s. 
490 1 |a IMF Working Paper  |v 106 
830 0 |a IMF Working Paper  |v 106 
610 2 0 |a indexy cenové 
610 2 0 |a metódy indexné 
610 2 0 |a transformácia 
610 2 0 |a hospodárstvo národné 
610 2 0 |a hospodárstvo trhové 
610 2 0 |a SVE 
100 1 |a Zieschang, Kimberly D.